Central Library and Information Centre
Sibsagar Girls' College, Sivasagar : Assam

MODERN POLITICAL THEORY (Record no. 9106)

MARC details
000 -LEADER
fixed length control field 00437cam a2200181ua 4500
008 - FIXED-LENGTH DATA ELEMENTS--GENERAL INFORMATION
fixed length control field 160511n1998 II |||gr||||Z||||||eng
040 ## - CATALOGING SOURCE
Original cataloging agency MAIN
041 ## - LANGUAGE CODE
-- English
082 ## - DEWEY DECIMAL CLASSIFICATION NUMBER
Classification number 320.011 VAR
100 ## - MAIN ENTRY--PERSONAL NAME
Personal name VARMA, S. P.,
Relator term AUT.
245 ## - TITLE STATEMENT
Title MODERN POLITICAL THEORY
250 ## - EDITION STATEMENT
Edition statement 1ST ED REP.
260 ## - PUBLICATION, DISTRIBUTION, ETC.
Place of publication, distribution, etc. NEW DELHI
Name of publisher, distributor, etc. VIKASH PUBLISHING HOUSE
Date of publication, distribution, etc. 1998
300 ## - PHYSICAL DESCRIPTION
Extent 464:
Dimensions 21CM.
942 ## - ADDED ENTRY ELEMENTS (KOHA)
Koha item type Books
653 ## - INDEX TERM--UNCONTROLLED
Uncontrolled term POLITICAL THEORIES
Holdings
Withdrawn status Lost status Damaged status Not for loan Collection code Home library Current library Shelving location Date acquired Full call number Barcode Date last seen Copy number Price effective from Koha item type Public note
        TBPSC Central Library and Information Centre Sibsagar Girls College Central Library and Information Centre Sibsagar Girls College POLITICAL SC BOOK RACK 21.07.2000 320.011 VAR 16093 27.02.2020 1 27.02.2020 Books V


Sibsagar Girl's College © 2020. All rights reserved.
Powered by Koha.
Maintained by Abhijit Borpuzari.